| 000 | 00439nam a2200145Ia 4500 | ||
|---|---|---|---|
| 008 | 140724s9999 xx 000 0 und d | ||
| 050 |
_aHB 615 _b.F268 2012 |
||
| 100 | _aFaustino, Michael. | ||
| 245 |
_aSOUTH STTX / _cMichael Faustino. |
||
| 260 |
_aLas PiƱas, Philippines : _bSouthville International School and Colleges, _cc2012. |
||
| 300 |
_a20 p. : _bcol. Ill. ; _c28 cm. |
||
| 521 | _aEntrepeneur | ||
| 942 | _cTH | ||
| 999 |
_c228777 _d228777 |
||